| 000 | 01965cam a22003491i 4500 | ||
|---|---|---|---|
| 003 | SA-RiAUC | ||
| 005 | 20250922070132.0 | ||
| 008 | 250919s1976 su g b 00110bara c | ||
| 040 |
_aSA-RiAUC _bara _cSA-RiAUC _erda |
||
| 082 | 0 | 4 | _a923.1 |
| 090 |
_a923.1 _bش ا ف |
||
| 100 | 0 |
_aشافع بن علي بن عباس الكناني، _d649-730 هجري _eمؤلف. |
|
| 245 | 1 | 0 |
_aكتاب حسن المناقب السرية المنتزعة من السيرة الظاهرية / _cتأليف شافع بن علي بن عباس الكاتب ؛ تحقيق ونشر عبد العزيز بن عبد الله الخويطر. |
| 246 | 3 | 0 | _aحسن المناقب السرية المنتزعة من السيرة الظاهرية |
| 250 | _aالطبعة الأولى. | ||
| 264 | 1 |
_aالرياض : _bعبد العزيز بن عبد الله الخويطر، _c1976. |
|
| 300 |
_a190 صفحة ؛ _c27 سم |
||
| 336 |
_aنص _btxt _2rdacontent _3كتاب |
||
| 337 |
_aبدون وسيط _bn _2rdamedia |
||
| 338 |
_aمجلد _bnc _2rdacarrier |
||
| 500 | _aالكتاب قائم على كتاب الروض الظاهر في سيرة الملك الظاهر / عبد الله بن عبد الظاهر. | ||
| 500 | _aيشتمل على كشافات. | ||
| 504 | _aببليوجرافية : صفحة 180-190. | ||
| 600 | 0 | 7 |
_aالظاهر بيبرس، _d625-676 هجري _2aucnm |
| 650 | 7 |
_aالمماليك _vتراجم _2aucsh |
|
| 651 | 7 |
_aمصر _xتاريخ _yالعصر المملوكي، 1250-1517. _2aucsh |
|
| 700 | 1 |
_aالخويطر، عبد العزيز بن عبد الله بن علي، _d1344-1435 هجري _eمحقق. |
|
| 700 | 1 | 2 |
_aابن عبد الظاهر، عبد الله بن عبد الظاهر بن نشوان، _d620-692 هجري _tالروض الزاهر في سيرة الملك الظاهر. |
| 740 | 2 | 2 | _aالروض الزاهر في سيرة الملك الظاهر. |
| 942 |
_2ddc _cBOOK _n0 |
||
| 949 |
_aSA-JeALM _d250919 _umohamedma123 _n1 |
||
| 999 |
_c11983 _d11983 |
||